| 000 | 01341cam a2200325 i 4500 | ||
|---|---|---|---|
| 001 | 70302 | ||
| 003 | Mx-PuUPA | ||
| 005 | 20260216093915.0 | ||
| 008 | 230811s2023 flua|||fr|||| 001 0 eng d | ||
| 020 |
_a9781032345864 _qrústica |
||
| 024 | 7 |
_2doi _a10.1201/9781003324287 |
|
| 040 |
_aMx-PuUPA _bspa _cMx-PuUPA _dMx-PuUPA _erda |
||
| 041 | 0 | _aeng | |
| 100 | 1 |
_aWhite, Tony, _d1947- _914620 _eautor |
|
| 245 | 1 | 0 |
_aAnimation masterclasses : _bfrom pencils to pixels a complete course in animation & production / _cTony White |
| 250 | _aFirst edition | ||
| 264 | 1 |
_aBoca Raton, Fl : _bCRC Press, _c2023 |
|
| 300 |
_axx, 807 páginas : _bilustraciones (a color) ; _c26 cm |
||
| 336 |
_2rdacontent _atexto _btxt |
||
| 337 |
_2rdamedia _asin medio _bn |
||
| 338 |
_2rdacarrier _avolumen _bnc |
||
| 650 | 7 |
_2armarc _aAnimación (Cinematografía) |
|
| 650 | 7 |
_2armarc _aAnimación por computadora |
|
| 942 |
_2ddc _cLI _h791.4334 _iW57 |
||
| 999 |
_c70302 _d70302 |
||